[Event "39th Olympiad Men"]
[Site "Khanty-Mansiysk RUS"]
[Date "2010.10.03"]
[Round "11"]
[White "Oussedik,Mahfoud"]
[Black "Al Zendani,Z"]
[Result "1/2-1/2"]
[WhiteElo "2222"]
[BlackElo "2400"]

1.c4 c6 2.g3 d5 3.Bg2 Nf6 4.Nf3 dxc4 5.O-O Nbd7 6.Qc2 Nb6 7.a4 a5 8.Na3 g6
9.Nxc4 Nxc4 10.Qxc4 Bg7 11.d3 Be6 12.Qc2 Nd5 13.Ng5 Nb4 14.Nxe6 Nxc2 15.Nxd8 Nxa1
16.Nxb7 Kd7 17.Nc5+ Kc7 18.Bf4+ e5 19.Bd2 Nc2 20.Nb3 Rhb8 21.Rc1 Rxb3 22.Rxc2 Ra6
23.Bd5 Rb8 24.Bxf7 Bf8 25.Bc4 Raa8 26.Bb5 c5 27.b4 axb4 28.Bxb4 Rxa4 29.Bxa4 Rxb4
30.Be8 e4 31.dxe4 Rxe4 32.Bf7 g5 33.Bd5 Rd4 34.e4 Kb6 35.Kg2 g4 36.Rb2+ Ka5
37.h3 c4 38.Bxc4 Rxc4 39.hxg4 Rxe4 40.f4 h6 41.Kf3 Re6 42.Rb7 Bc5 43.g5 hxg5
44.f5 Re3+ 45.Kg4 Bd6 46.Kxg5 Rxg3+ 47.Kf6 Ka6 48.Rb1 Bc5 49.Ke6 Re3+ 50.Kf7 Rf3
51.Ke6 Bd4 52.Rb4 Bg7 53.Rb1 Rf2 54.Kf7 Bc3 55.Ke6 Ka7 56.Rb3 Bh8 57.Rh3 Bb2
58.Rb3 Re2+ 59.Kf7 Ka6  1/2-1/2

[Event "Tatry Open"]
[Site "Tatranske Zruby CZE"]
[Date "2010.10.04"]
[Round "4"]
[White "Demeter,P"]
[Black "Piankov,E"]
[Result "0-1"]
[WhiteElo "2246"]
[BlackElo "2310"]

1.c4 c6 2.Nf3 d5 3.cxd5 cxd5 4.g3 Nc6 5.Bg2 Nf6 6.O-O Bg4 7.d3 e6 8.Qa4 Bd6
9.Nc3 O-O 10.Bg5 Bh5 11.Qh4 Bg6 12.Rfc1 Be7 13.Qa4 h6 14.Bf4 Bd6 15.Bxd6 Qxd6
16.Nb5 Qe7 17.Nbd4 Nxd4 18.Qxd4 Rfd8 19.Ne5 Bh7 20.Rc3 Ne8 21.Rac1 f6 22.Nf3 Bg6
23.Qg4 Bf7 24.Qa4 Qd7 25.Qxd7 Rxd7 26.Kf1 Kf8 27.Ke1 Ke7 28.e3 Nd6 29.a3 g5
30.Rc7 Rxc7 31.Rxc7+ Kd8 32.Rc3 Kd7 33.h4 Bh5 34.hxg5 hxg5 35.Nd2 Rh8 36.Rc1 b6
37.Kf1 Bg6 38.Ke2 Nf7 39.f4 Rh2 40.Rg1 Bf5 41.Nf1 Rh8 42.e4 dxe4 43.dxe4 Bh3
44.Ne3 Bxg2 45.Rxg2 Rh1 46.Kd3 Rh3 47.Ke2 Kd6 48.Kf3 gxf4 49.Kxf4 Ne5 50.Rd2+ Ke7
51.Rc2 Kd7 52.Nc4 Nxc4 53.Rxc4 Rh2 54.b4 Rf2+ 55.Ke3 Ra2 56.Rd4+ Ke7 57.Rd3 e5
58.Rc3 Kd6 59.b5 Kd7 60.Kf3 Rb2 61.Rc6 Rxb5 62.Rxf6 Rb3+ 63.Kg4 Rxa3 64.Rg6 b5
65.Kf5 b4 66.Kxe5 b3 67.Rd6+ Ke7 68.Rd1 b2 69.Rb1 Rb3  0-1

[Event "Tatry Open"]
[Site "Tatranske Zruby CZE"]
[Date "2010.10.07"]
[Round "7"]
[White "Banas,J"]
[Black "Bakalar,J"]
[Result "1-0"]
[WhiteElo "2310"]
[BlackElo "2073"]

1.c4 c6 2.e4 g6 3.d4 d6 4.Nc3 Bg7 5.Nge2 Nf6 6.f3 O-O 7.Be3 a6 8.a4 a5 9.Qd2 Na6
10.Nc1 c5 11.d5 b6 12.Be2 Nc7 13.O-O Kh8 14.Nd3 Ng8 15.f4 e6 16.Bf3 exd5
17.cxd5 Rb8 18.b3 Re8 19.Kh1 f5 20.e5 Ba6 21.exd6 Qxd6 22.Rfe1 Rbd8 23.Ne5 Rxe5
24.fxe5 Bxe5 25.g3 Bb7 26.Rad1 Nf6 27.Bf4 Bxf4 28.Qxf4 Qxf4 29.gxf4 Rd7 30.Bg2 Nh5
31.d6 Bxg2+ 32.Kxg2 Nxf4+ 33.Kf3 Nfe6 34.Nd5 Nxd5 35.Rxe6 Nc3 36.Re7  1-0

[Event "Tatry Open"]
[Site "Tatranske Zruby CZE"]
[Date "2010.10.08"]
[Round "8"]
[White "Koval,Dan"]
[Black "Voborny,D"]
[Result "1/2-1/2"]
[WhiteElo "2118"]
[BlackElo "1929"]

1.c4 c6 2.e4 d5 3.Nc3 dxe4 4.Nxe4 Bf5 5.Ng3 Bg6 6.Qb3 Qc7 7.d4 e6 8.Nf3 Nd7
9.Bd3 Bxd3 10.Qxd3 Ngf6 11.O-O Bd6 12.Bg5 h6 13.Bxf6 Nxf6 14.Ne4 Nxe4 15.Qxe4 O-O
16.Rfd1 Rfe8 17.Rab1 a5 18.b3 Rad8 19.c5 Be7 20.Rd3  1/2-1/2

[Event "4NCL Team Rapid"]
[Site "Newport Pagnell ENG"]
[Date "2010.10.09"]
[Round "9"]
[White "Cox,JohnJ"]
[Black "Almond,R"]
[Result "1-0"]
[WhiteElo "2398"]
[BlackElo "2130"]

1.c4 c6 2.Nf3 d5 3.g3 Nf6 4.Bg2 Bf5 5.cxd5 cxd5 6.Qb3 Qc8 7.Nc3 e6 8.d3 Nc6
9.Bf4 Be7 10.Rc1 Qd7 11.O-O O-O 12.Nb5 Rac8 13.Nbd4 Nxd4 14.Nxd4 Bg6 15.Qb5 Qxb5
16.Nxb5 a6 17.Bd6 axb5 18.Bxe7 Rfe8 19.Bxf6 gxf6 20.b4 Ra8 21.Rc2 Ra4 22.Rb1 Rea8
23.Rbb2 Kg7 24.f4 h5 25.h4 Bf5 26.Kf2 Ra3 27.Bf3 Kh6 28.Ke3 Rg8 29.Kf2 Rga8
30.Ke3 b6 31.Rc6 Rxa2 32.Rxa2 Rxa2 33.Rxb6 Rb2 34.Rxb5 Rb1 35.Rb7 Bg6 36.b5 Rb4
37.b6 d4+ 38.Kd2 e5 39.Rb8 exf4 40.gxf4 Bf5 41.b7 Bg4 42.Rh8+  1-0

[Event "TCh-ISL Div 1 2010-11"]
[Site "Reykjavik ISL"]
[Date "2010.10.09"]
[Round "2.2"]
[White "Johannesson,I"]
[Black "Valtysson,T"]
[Result "1-0"]
[WhiteElo "2328"]
[BlackElo "2078"]

1.c4 c6 2.Nf3 d5 3.d4 Nf6 4.Qc2 g6 5.Bf4 Bf5 6.Qb3 Qb6 7.c5 Qxb3 8.axb3 Nbd7
9.h3 Bxb1 10.Rxb1 Bg7 11.e3 O-O 12.b4 a6 13.Bd3 Rfe8 14.Bh2 h6 15.O-O Nh7
16.Ne5 Nxe5 17.Bxe5 Bxe5 18.dxe5 Nf8 19.f4 e6 20.Ra1 Nd7 21.Rfc1 Kg7 22.e4 Rac8
23.exd5 exd5 24.Re1 Re7 25.Re3 Rce8 26.Rae1 Kf8 27.Bc2 Kg7 28.Kf2 Kf8 29.R1e2 a5
30.bxa5 Nxc5 31.g3 Ne6 32.Rd2 Nc7 33.Rb3 Ne6 34.Rb6 Ra8 35.b4 Nd8 36.Bd3 Kg7
37.Be2 h5 38.h4 Kf8 39.Kf3 Kg7 40.Kg2 Kf8 41.Kh3 Kg7 42.a6 bxa6 43.Bxa6 Rc7
44.Bf1 Ra1 45.Bg2 Ra3 46.Kh2 Rb3 47.Rc2 Rb7 48.Rxb7 Nxb7 49.Rxc6 Rxb4 50.Bxd5 Nd8
51.Rc7  1-0

[Event "Schachbundesliga 2010-11"]
[Site "Aue GER"]
[Date "2010.10.10"]
[Round "2"]
[White "Rosen,B"]
[Black "Eichner,S"]
[Result "1-0"]
[WhiteElo "2353"]
[BlackElo "2323"]

1.c4 c6 2.e4 e5 3.Nf3 d6 4.d4 Nd7 5.Nc3 Ngf6 6.Be2 Be7 7.h3 Qc7 8.Be3 a6
9.Rc1 O-O 10.O-O b6 11.Qc2 Bb7 12.d5 c5 13.Nh4 g6 14.Bh6 Rfe8 15.Qd3 Kh8
16.Nf3 Ng8 17.Bd2 Bf8 18.Ng5 Re7 19.g3 h6 20.Nf3 Bg7 21.Nh4 Rae8 22.f4 exf4
23.gxf4 Qd8 24.Qg3 Ngf6 25.Bf3 Nxe4 26.Nxe4 Rxe4 27.Bxe4 Rxe4 28.Bc3 Nf6
29.Qd3 Qe8 30.Rce1 Kh7 31.Ng2 Bc8 32.Bxf6 Bf5 33.Bxg7 Rxe1 34.Rxe1 Qxe1+
35.Nxe1 Bxd3 36.Nxd3 Kxg7 37.Kf2 Kf6 38.Kf3 Ke7 39.Nf2 f5 40.h4 h5 41.Nh3 Kf7
42.Ng5+ Kf6 43.Ne6 Ke7 44.Nc7 Kd7 45.Ne6 Ke7 46.Ke3 Ke8 47.Kd3 Ke7 48.Kc3 Ke8
49.b4 Ke7 50.b5 axb5 51.cxb5 Kf7 52.a4 Ke7 53.a5 Kd7 54.a6  1-0

[Event "TCh-BEL 2010-11"]
[Site "Belgium BEL"]
[Date "2010.10.10"]
[Round "2.7"]
[White "Porteman,E"]
[Black "Goossens,E"]
[Result "1/2-1/2"]
[WhiteElo "1940"]
[BlackElo "2231"]

1.c4 c6 2.Nf3 d5 3.g3 Nf6 4.Bg2 a6 5.b3 Bf5 6.O-O e6 7.d3 Nbd7 8.Bb2 h6 9.Nbd2 Be7
10.Re1 Bh7 11.Qc1 O-O 12.Bc3 b5 13.a3 Qb6 14.h3 a5 15.a4 dxc4 16.axb5 cxb5
17.bxc4 b4 18.Bd4 Bc5 19.Nb3 a4 20.Nxc5 Nxc5 21.Qe3 Rfc8 22.Nh2  1/2-1/2

[Event "TCh-HUN 2010-11"]
[Site "Budapest HUN"]
[Date "2010.10.10"]
[Round "1"]
[White "Bors,T"]
[Black "Turzo,A"]
[Result "1-0"]
[WhiteElo "2253"]
[BlackElo "2331"]

1.c4 c6 2.e4 d5 3.exd5 cxd5 4.cxd5 Nf6 5.Bb5+ Nbd7 6.Nc3 g6 7.Nf3 Bg7 8.O-O O-O
9.Qb3 Nb6 10.Bc4 Nxc4 11.Qxc4 b6 12.Nd4 Bb7 13.Nc6 Qd7 14.d4 Rac8 15.Qb4 Bxc6
16.dxc6 Rxc6 17.Bf4 e6 18.Be3 Nd5 19.Qb3 Nxc3 20.bxc3 Rfc8 21.Rac1 Rc4 22.h3 b5
23.Rfd1 Qd5 24.Bd2 a6 25.Rb1 Bf6 26.Be1 Qe4 27.Rb2 Be7 28.Qc2 Qxc2 29.Rxc2 Bb4
30.Rd3 Ba5 31.a3 Rd8 32.f4 Bb6 33.Ra2 f6 34.Re3 e5 35.fxe5 fxe5 36.Rxe5 Rcxd4
37.Kf1 Ra4 38.Ke2 Bc7 39.Re6 Bd6 40.Rd2 Rxa3 41.Rdxd6 Ra2+ 42.Bd2 Rxd6 43.Rxd6 a5
44.Rd7 h5 45.Rb7 b4 46.cxb4 axb4 47.Rxb4 Kf7 48.Rb6 Kg7 49.Rd6 Kf7 50.Ke3 Kg7
51.Kf4 Ra4+ 52.Kg5 Ra2 53.Rd7+ Kg8 54.Kxg6  1-0

[Event "I Memorial Oliver Gonzalez"]
[Site "Madrid ESP"]
[Date "2010.10.10"]
[Round "2"]
[White "Hernando Pertierra,J"]
[Black "Perez Llera,J"]
[Result "1-0"]
[WhiteElo "2388"]
[BlackElo "2066"]

1.c4 c6 2.Nf3 d5 3.e3 Nf6 4.Nc3 e6 5.b3 Bd6 6.Bb2 Nbd7 7.Qc2 O-O 8.Rc1 Re8
9.Be2 a6 10.cxd5 exd5 11.Nd4 Nc5 12.O-O Bg4 13.f4 Bxe2 14.Ncxe2 Rc8 15.Ng3 Nce4
16.Ndf5 Bf8 17.Nxe4 Nxe4 18.Ba1 Nd6 19.Nxd6 Qxd6 20.Rf3 Qe6 21.Rg3 c5 22.f5 Qe4
23.Bxg7 Bxg7 24.f6 Qxc2 25.Rxc2 d4 26.Rxg7+ Kf8 27.Rxh7 Kg8 28.Rg7+ Kf8 29.Rg3 Re4
30.Rh3 Kg8 31.exd4 Rxd4 32.Rcc3 Rg4 33.Rh6 Rc6 34.Rd3 Rc8 35.h3 Rg6 36.Rxg6+ fxg6
37.Rd7 b5 38.g4 c4 39.g5 c3 40.dxc3 Rxc3 41.h4 Rh3 42.Rd4 Rc3 43.Kg2 Rc2+
44.Kg3 Rxa2 45.h5 Kf7 46.Rd7+  1-0

[Event "TCh-SWE Elitserien 2010-11"]
[Site "Sweden SWE"]
[Date "2010.10.10"]
[Round "3"]
[White "Blomqvist,E"]
[Black "Svensson,B"]
[Result "1/2-1/2"]
[WhiteElo "2449"]
[BlackElo "2394"]

1.c4 c6 2.d4 d5 3.Nf3 Nf6 4.Qc2 dxc4 5.Qxc4 Bf5 6.g3 e6 7.Bg2 Nbd7 8.O-O Be7
9.Nc3 O-O 10.Re1 Ne4 11.Qb3 Qb6 12.Nh4 Bxh4 13.gxh4 Ndf6 14.f3 Nxc3 15.bxc3 Qc7
16.e4 Bg6 17.c4 Rad8 18.Be3 Nh5 19.Rad1 h6 20.Qb2 Rd7 21.Qd2 Qd8 22.Qf2 Qc7
23.Kh1 Nf4 24.Rg1 Bh5 25.Qg3 Nxg2 26.Qxc7 Rxc7 27.Kxg2 f6  1/2-1/2

[Event "TCh-SWE Elitserien 2010-11"]
[Site "Sweden SWE"]
[Date "2010.10.10"]
[Round "3"]
[White "Jaderberg,B"]
[Black "Mansson,L"]
[Result "1/2-1/2"]
[WhiteElo "2095"]
[BlackElo "2203"]

1.c4 c6 2.e4 e5 3.Nc3 d6 4.g3 Nf6 5.Bg2 Be7 6.d4 Qc7 7.Nge2 a6 8.O-O O-O
9.b3 Re8 10.h3 Nbd7 11.Be3 Bf8 12.d5 g6 13.Qd2 Qb8 14.Kh2 cxd5 15.cxd5 b5
16.Bg5 Bg7 17.Rac1 a5 18.f4 b4 19.Na4 h6 20.fxe5 hxg5 21.exf6 Nxf6 22.Qxg5 Re5
23.Qf4 Ba6 24.Rf2 Bxe2 25.Rxe2 Nxd5 26.Qf2 Bh6 27.Rf1 Qe8 28.Rc2 Ne3 29.Nb6 Nxf1+
30.Qxf1 Rb8 31.Nd5 Bg7 32.Qc4 Qd7 33.Qa6 Qd8 34.Rc6 Ra8 35.Qc4 Bf8 36.Rc7 Re6
37.Qc6 Rb8 38.h4 Re5 39.Rd7 Qc8 40.Rc7 Qd8 41.Rd7 Qc8 42.Rc7 Qd8 43.Rd7  1/2-1/2

[Event "I Memorial Oliver Gonzalez"]
[Site "Madrid ESP"]
[Date "2010.10.11"]
[Round "3"]
[White "Strikovic,A"]
[Black "Dominguez Carmona,M"]
[Result "1-0"]
[WhiteElo "2560"]
[BlackElo "2066"]

1.c4 c6 2.e4 d5 3.exd5 cxd5 4.d4 Nf6 5.Nc3 Nc6 6.Nf3 Bg4 7.cxd5 Nxd5 8.Qb3 Bxf3
9.gxf3 e6 10.Qxb7 Nxd4 11.Bb5+ Nxb5 12.Qxb5+ Qd7 13.Nxd5 exd5 14.Qxd7+ Kxd7
15.Be3 Bb4+ 16.Ke2 Rhc8 17.Rac1 a6 18.Kd3 Bd6 19.Kd4 Ke6 20.f4 Kf5 21.Rhg1 Bxf4
22.Bxf4 Kxf4 23.Rxc8 Rxc8 24.Rxg7 f5 25.Kd3 Kf3 26.Rxh7 f4 27.h4 Kxf2 28.h5 Rc6
29.h6 f3 30.Rh8 Rf6 31.h7 Rf7 32.Kd4 Kf1 33.Kxd5 f2 34.Kc5 Re7 35.Kd6 Rf7
36.b4 Ke2 37.Re8+ Kd3 38.h8=Q f1=Q 39.Qe5 Rf6+ 40.Kc7 Qf3 41.Rd8+ Kc2 42.Qc5+ Qc3
43.Rd6 Qxc5+ 44.bxc5 Rf5 45.Rxa6 Rxc5+ 46.Rc6  1-0

[Event "I Memorial Oliver Gonzalez"]
[Site "Madrid ESP"]
[Date "2010.10.11"]
[Round "3"]
[White "Sanchez Lopez,Maria"]
[Black "Diaz Begonte,M"]
[Result "0-1"]
[WhiteElo "1574"]
[BlackElo "1789"]

1.c4 c6 2.Nc3 d5 3.e3 Nf6 4.Nf3 Bf5 5.Qb3 Qb6 6.d4 e6 7.Nh4 Bg6 8.Nxg6 hxg6
9.Bd3 Qc7 10.h3 Nbd7 11.e4 dxe4 12.Nxe4 Nxe4 13.Bxe4 Nf6 14.Bf3 Rd8 15.Be3 Qa5+
16.Bd2 Qb6 17.Bc3 Be7 18.O-O-O Qxb3 19.axb3 O-O 20.h4 Rd7 21.h5 gxh5 22.Bxh5 Nxh5
23.Rxh5 g6 24.Rh3 Bf6 25.Rdh1 Rfd8 26.f4 Bxd4 27.Rh8+ Kg7 28.Rxd8 Rxd8 29.Rd1 c5
30.b4 Kf8 31.Kc2 Ke7 32.bxc5 Bxc3 33.Rxd8 Kxd8 34.Kxc3 Kc7 35.Kd4 f6 36.b4 a6
37.b5 a5 38.Kc3 e5 39.fxe5 fxe5 40.Kd3 a4 41.Kc3 e4  0-1

[Event "I Memorial Oliver Gonzalez"]
[Site "Madrid ESP"]
[Date "2010.10.13"]
[Round "5"]
[White "Moreno Ruiz,J"]
[Black "Korneev,O"]
[Result "1/2-1/2"]
[WhiteElo "2491"]
[BlackElo "2562"]

1.c4 c6 2.g3 d5 3.Bg2 Nf6 4.Nf3 dxc4 5.O-O Nbd7 6.Qc2 Nb6 7.Nc3 g6 8.Rd1 Bg4
9.h3 Bxf3 10.Bxf3 Qc8 11.Bg2 Bg7 12.Rb1 Nfd5 13.Nxd5 cxd5 14.b3 O-O 15.bxc4 dxc4
16.d3 Rd8 17.Be3 cxd3 18.Qxc8 Raxc8 19.Rxd3 Rxd3 20.exd3 Rc2 21.Rc1 Rxa2
22.Rc7 e6 23.Rxb7 h5 24.Bc6 Nd5 25.Be8 Nxe3 26.Bxf7+ Kf8 27.fxe3 Bh6 28.Bxe6 Bxe3+
29.Kh1 Rf2 30.Bd5 Rf1+ 31.Kg2 Rf2+ 32.Kh1  1/2-1/2

[Event "32nd Open"]
[Site "Arco ITA"]
[Date "2010.10.21"]
[Round "6"]
[White "Delaunay,S"]
[Black "Bonagura,S"]
[Result "1/2-1/2"]
[WhiteElo "2348"]
[BlackElo "2130"]

1.c4 c6 2.Nf3 d5 3.g3 Nf6 4.Bg2 Bf5 5.b3 e6 6.O-O Bd6 7.Bb2 O-O 8.d3 Bg6
9.Nbd2 Nbd7 10.Re1 e5 11.cxd5 cxd5 12.Nh4 Bh5 13.Nf5 Bc5 14.d4 exd4 15.Nf3 Ne4
16.Bxd4 Bxd4 17.Qxd4 Ndf6 18.Ne5 Re8 19.f3 Nd6 20.Nxd6 Qxd6 21.f4 Qb6 22.e3  1/2-1/2

[Event "32nd Open"]
[Site "Arco ITA"]
[Date "2010.10.21"]
[Round "6"]
[White "Dittmar,P"]
[Black "Herman,Ma"]
[Result "1/2-1/2"]
[WhiteElo "2328"]
[BlackElo "2149"]

1.c4 c6 2.g3 d5 3.Nf3 Nf6 4.Bg2 dxc4 5.Qc2 Qd5 6.Na3 Be6 7.O-O Nbd7 8.h4 Nb6
9.Ng5 Qd7 10.b3 cxb3 11.axb3 Bg4 12.d3 h6 13.Nf3 Bxf3 14.Bxf3 g5 15.hxg5 hxg5
16.Bxg5 Qh3 17.Rfc1 Nfd5 18.Nc4 Bg7 19.Nxb6 Bd4 20.e3 Bxb6 21.d4 f6 22.Bh4 Kd7
23.Bg2 Qg4 24.Qe4 Qxe4 25.Bxe4 Rag8 26.Kf1 Rh6 27.Ke2 e6 28.Bf3 f5 29.Rh1 Rhg6
30.Rhc1  1/2-1/2

[Event "Lichtenrader Herbst"]
[Site "Berlin GER"]
[Date "2010.10.21"]
[Round "6"]
[White "Hohn,A"]
[Black "Mehringer,Joerg"]
[Result "1/2-1/2"]
[WhiteElo "2053"]
[BlackElo "1904"]

1.c4 c6 2.Nf3 d5 3.d4 Nf6 4.Qc2 e6 5.Nbd2 Be7 6.e3 O-O 7.Bd3 h6 8.Ne5 Nbd7
9.Ndf3 Nxe5 10.Nxe5 Nd7 11.Nf3 Bf6 12.O-O e5 13.cxd5 cxd5 14.dxe5 Nxe5 15.Be2 Be6
16.Nd4 Qb6 17.Bd2 Rac8 18.Bc3 Rfe8 19.Rfc1 Bd7 20.Qb3 Qxb3 21.Nxb3 Be6 22.Nd4 Bd7
23.Rd1 a6 24.Rac1 Ng6 25.Bf3 Be6 26.g3 Ne5 27.Bg2 Nc4 28.Nxe6 fxe6 29.Bxf6 gxf6
30.Bh3 Kf7 31.Kg2 b5 32.b3 Nd6 33.Kf3 Rxc1 34.Rxc1 Rc8 35.Rxc8 Nxc8  1/2-1/2

[Event "WY Boys-U18"]
[Site "Porto Carras GRE"]
[Date "2010.10.22"]
[Round "3.11"]
[White "Arribas Lopez,A"]
[Black "Bures,J"]
[Result "1/2-1/2"]
[WhiteElo "2454"]
[BlackElo "2370"]

1.c4 c6 2.Nf3 d5 3.e3 Nf6 4.Nc3 e6 5.b3 Nbd7 6.Bb2 b6 7.Qc2 Bb7 8.Be2 Rc8
9.O-O-O c5 10.Rhg1 Be7 11.g4 Ne4 12.Nxe4 dxe4 13.Ne1 Bf6 14.g5 Bxb2+ 15.Qxb2 O-O
16.d3 Qc7 17.dxe4 Bxe4 18.f3 Bc6 19.f4 e5 20.f5 e4 21.Ng2 Qe5 22.Nf4 Qxb2+
23.Kxb2 Ne5 24.f6 Rfd8 25.fxg7 Kxg7 26.Nh5+ Kf8 27.Nf6 Ke7 28.Kc3 h6 29.Rdf1 hxg5
30.Rxg5 Nf3 31.Rf5 Rh8 32.Bxf3 exf3 33.Rf2 Ke6 34.Rf4 Rh3 35.Ne4 Rg8 36.Ng3 f5
37.b4 Rgh8 38.bxc5 bxc5 39.Rxf5 Rxh2 40.Rxh2 Rxh2 41.Rxc5 Kd6 42.Ra5 f2 43.Rf5 Rh3
44.Nf1 Bg2 45.Rxf2 Bxf1 46.Rxf1 Rxe3+ 47.Kb4 Kc7 48.Rf7+ Kb8 49.a4 Re6 50.a5 Rh6
51.Rd7 Rg6 52.Kb5 Rh6 53.Kc5 Rg6 54.Kb5 Rh6 55.c5 a6+ 56.Kc4 Rh5 57.Rd6 Kb7
58.Rb6+ Kc7 59.Rxa6 Rh1 60.Rg6 Rc1+ 61.Kb5 Rb1+ 62.Ka6 Rc1 63.Rg5 Rb1 64.Rg4 Kc6
65.Rc4 Rb8 66.Ka7 Rb7+ 67.Ka8 Rb5 68.a6 Kc7 69.Rc2 Ra5 70.Ka7 Rb5 71.Rc1 Ra5
72.Rc2 Rb5 73.c6 Rb1 74.Rg2 Kxc6 75.Rc2+ Kd7 76.Rc3 Rb2 77.Ka8 Rb1 78.Rg3 Kc8
79.Rg7 Rc1 80.Rb7 Rc2 81.Rb1 Kc7 82.Ka7 Kc8 83.Rb7 Rc1 84.Kb6 Rb1+ 85.Kc6 Rc1+
86.Kb6 Rb1+ 87.Ka7 Rc1 88.Rb8+ Kc7 89.Rg8 Rb1 90.Rg2 Kc8 91.Rc2+ Kd7 92.Ka8 Kd8
93.Rc3 Kd7 94.Ka7 Rb2 95.Rc1 Rb3 96.Ka8 Rb2 97.a7 Kd8 98.Rg1 Kc8 99.Rg8+ Kc7
100.Rb8 Rc2 101.Rb7+  1/2-1/2

[Event "32nd Open"]
[Site "Arco ITA"]
[Date "2010.10.23"]
[Round "8"]
[White "Dittmar,P"]
[Black "Fodor,T jr"]
[Result "1/2-1/2"]
[WhiteElo "2328"]
[BlackElo "2451"]

1.c4 c6 2.Nf3 d5 3.g3 dxc4 4.Bg2 Nf6 5.O-O b5 6.b3 cxb3 7.axb3 e6 8.Bb2 Be7
9.Qc2 Bb7 10.Ne5 Qb6 11.d4 O-O 12.Nd2 Rc8 13.Nd3 Nbd7 14.b4 a5 15.bxa5 Rxa5
16.Rxa5 Qxa5 17.Nb3 Qb6 18.Ra1 Ra8 19.Rxa8+ Bxa8 20.Bc1 Qa6 21.Bg5 h6 22.Bxf6 Nxf6
23.e3 Nd5 24.h4 Bd6 25.Nbc5 Qa3 26.Be4 Nc3 27.Bf3 b4 28.Kg2 Nd5 29.h5 Nc3
30.Kh2 Kf8 31.Kg2 Ke7 32.Kh2 Kd8 33.Ne5 Bxc5 34.dxc5 f5 35.Qd3+ Nd5 36.Bxd5 Qxd3
37.Nxd3 cxd5 38.Nxb4 Kc7 39.f4 Bc6 40.g4 fxg4 41.Kg3 Ba4 42.Kxg4 Bd1+ 43.Kh4 Kd7
44.f5 exf5 45.Nxd5 Kc6 46.Ne7+  1/2-1/2

[Event "32nd Open"]
[Site "Arco ITA"]
[Date "2010.10.24"]
[Round "9"]
[White "Bonagura,S"]
[Black "Straubinger,D"]
[Result "1/2-1/2"]
[WhiteElo "2130"]
[BlackElo "2235"]

1.c4 c6 2.g3 d5 3.Bg2 Nf6 4.Nf3 Bf5 5.cxd5 cxd5 6.Qb3 Qb6 7.d3 e6 8.O-O Qxb3
9.axb3 Nc6 10.Nc3 Rc8 11.Bd2 a6 12.Rfc1 Bd6 13.Na4 O-O 14.Nc5 Bxc5 15.Rxc5 Nd7
16.Rc2 e5 17.Nh4 Be6 18.Rac1 Rb8 19.e3 Na7 20.f4 f6 21.Rc7 Nb5 22.f5 Nxc7
23.Rxc7 Bf7 24.Rxd7 Rfd8 25.Rc7 Rdc8 26.Rxc8+ Rxc8 27.Bc3 e4 28.d4 Bh5 29.Bf1 Bd1
30.b4 b5 31.Ng2 Bh5 32.Nf4 Bf7 33.Be2 Kf8 34.h4 Rc6 35.g4 Bg8 36.Kf2 Bf7
37.Kg3 g5 38.fxg6 hxg6 39.g5 fxg5 40.hxg5 Ke7 41.Bd1 Kd6 42.Bb3 Rc8 43.Kg2 Kc6
44.Bd1 Kd6 45.Bg4 Rc4 46.Be2 Rc8 47.Nh3 Be6 48.Nf4 Bf7 49.Kg3 Ke7 50.Nh3 Rh8
51.Bg4 Rf8 52.Nf4 Rh8 53.Be6 Rd8 54.Bxf7 Kxf7 55.Kg4 Rd6 56.Be1 Rd8 57.Bg3 Rd7
58.Ne2 Rd8 59.Be5 Rd7 60.Nf4 Rd8 61.Nxd5 Rxd5 62.Kf4 Ke6 63.Kxe4 Rd7 64.Bf6 Rd5
65.Be5 Rd7 66.Bf6 Rd5 67.Kd3 Rf5 68.e4 Rf3+ 69.Ke2 Rh3 70.d5+ Kd6 71.Bd4 Rh4
72.Ke3 Rh3+ 73.Kf4 Rh4+ 74.Kf3 Rh3+ 75.Kg4 Rh1 76.Kf4 Rh4+ 77.Kf3 Rh3+ 78.Kf4  1/2-1/2

[Event "Lichtenrader Herbst"]
[Site "Berlin GER"]
[Date "2010.10.24"]
[Round "9"]
[White "Zschaebitz,K"]
[Black "Dimitrijeski,K"]
[Result "0-1"]
[WhiteElo "2053"]
[BlackElo "2192"]

1.c4 c6 2.d4 d5 3.Nf3 Nf6 4.e3 Bg4 5.Qb3 Qb6 6.Nc3 e6 7.Nh4 Be7 8.h3 Bh5
9.g4 Bg6 10.Nxg6 hxg6 11.Bg2 Na6 12.Bd2 dxc4 13.Qxc4 Qb4 14.Bxc6+ Kf8 15.Qe2 bxc6
16.Qxa6 c5 17.Na4 Qb8 18.dxc5 Nxg4 19.Ke2 Nf6 20.Rac1 Nd5 21.a3 Qe5 22.Rc4 Rh4
23.Rxh4 Bxh4 24.Qc4 Be7 25.b4 g5 26.Bc3 Qc7 27.Rc1 Rd8 28.Be1 Qe5 29.Kf1 Qh2
30.Qg4 Qh1+ 31.Ke2 f5 32.Qf3 Qh2 33.Qg3 Qh1 34.Bd2 Qe4 35.Nb2 Nf4+ 36.Kd1 Nd3
37.Rb1 Nxf2+ 38.Kc1 Nd3+ 39.Nxd3 Qxd3 40.Qe1 Qxa3+ 41.Kd1 Bf6 42.Ke2 Qd3+
43.Kf3 Qxd2 44.Qxd2 Rxd2 45.b5 Rd8 46.c6 Ke7 47.Rb3 Rb8 48.Rd3 Rxb5 49.Rd7+ Ke8
50.Rxa7 Rc5 51.Ra6 e5 52.e4 f4 53.Kg4 Kd8  0-1

[Event "USCL"]
[Site "ICC INT"]
[Date "2010.10.25"]
[Round "10"]
[White "Sammour Hasbun,J"]
[Black "Kacheishvili,G"]
[Result "1-0"]
[WhiteElo "2463"]
[BlackElo "2583"]

1.c4 c6 2.Nc3 d5 3.d4 Nf6 4.cxd5 cxd5 5.Nf3 Nc6 6.Bf4 Bf5 7.e3 e6 8.Bb5 Nd7
9.O-O Rc8 10.Qa4 a6 11.Bxc6 Rxc6 12.Rfc1 Qc8 13.e4 Bxe4 14.Nxe4 dxe4 15.d5 exd5
16.Nd4 Rc4 17.b3 Rc5 18.Rxc5 Bxc5 19.Rc1 b5 20.Nxb5 O-O 21.Nc7 g5 22.Bg3 f5
23.Qc6 Rf7 24.Qxd5 Be7 25.h4 gxh4 26.Bf4 Nf8 27.Rc6 Ng6 28.Ne6 Qb7 29.Bh6 Ne5
30.Nd8 Qb5 31.Qe6 Qd3 32.Qxe5 Qxd8 33.Qe6  1-0

[Event "Spartak IM"]
[Site "Subotica"]
[Date "2010.10.25"]
[Round "3"]
[White "Jotic,V"]
[Black "Cabarkapa,N"]
[Result "1/2-1/2"]
[WhiteElo "2310"]
[BlackElo "2130"]

1.c4 c6 2.g3 d5 3.Bg2 dxc4 4.Qc2 Nf6 5.Na3 g6 6.Nxc4 Bg7 7.Nf3 O-O 8.O-O Nbd7
9.b4 Nb6 10.Na5 Ne8 11.Rb1 Nd6 12.Bb2 Bxb2 13.Rxb2 Nd5 14.Nc4 Nxc4 15.Qxc4 Nc7
16.a4 a6 17.Rc1 Be6 18.Qc5 Bd5 19.d3 Bxf3 20.Bxf3 Re8 21.Qb6 Rb8 22.d4 Ne6
23.Qxd8 Rbxd8 24.e3 Nc7 25.Rc5 f6 26.Be2 e5 27.dxe5 Rxe5 28.Rxe5 fxe5 29.b5 axb5
30.axb5 cxb5 31.Bxb5 Kg7 32.Be2 b5 33.Ra2 Ra8 34.Rxa8 Nxa8 35.Bxb5 Nc7 36.Bc6 g5
37.g4 Kf6 38.Kg2 h6 39.Kf3 Ne6 40.Ke2 Nc5 41.f3 Ne6 42.Kd3 Ng7 43.Bd7 Ke7
44.Bc8 Ne8 45.Bf5 Kd6 46.Kc4 Nf6 47.Be4 h5 48.gxh5 Nxh5 49.Kd3 Nf6 50.Ke2 g4
51.Bf5 gxf3+ 52.Kxf3 Nd5 53.h4 Ke7 54.Ke4 Nxe3 55.Kxe3 Kf8  1/2-1/2

[Event "11th Liberec Open"]
[Site "Liberec CZE"]
[Date "2010.10.26"]
[Round "4"]
[White "Christensen,Bo"]
[Black "Vavra,P1"]
[Result "0-1"]
[WhiteElo "2254"]
[BlackElo "2351"]

1.c4 c6 2.e4 d5 3.cxd5 cxd5 4.exd5 Nf6 5.Qa4+ Nbd7 6.Nc3 g6 7.Qb3 Bg7 8.Bc4 O-O
9.Nf3 Nc5 10.Qa3 Nce4 11.Nxe4 Nxe4 12.O-O Nd6 13.Be2 b5 14.Qb3 Bb7 15.d4 a6
16.a4 Nf5 17.axb5 Bxd5 18.Qb4 axb5 19.Rxa8 Qxa8 20.Be3 Qa4 21.Qc3 Bxf3 22.Bxf3 Nxd4
23.Bxd4 Bxd4 24.Qd3 Bxb2 25.Rb1 Rc8 26.g3 Qc2 27.Be4 Qxb1+ 28.Qxb1 Rc1+ 29.Qxc1 Bxc1
30.f3 Kg7 31.Kf2 Kf6 32.Ke2 Ke5 33.Kd3 f5 34.Bc6 b4 35.Ba4 h5 36.Bd1 g5 37.h3 h4
38.g4 fxg4 39.fxg4 Kf4 40.Kc2 Be3 41.Be2 Kg3 42.Bf1 Kf2  0-1

[Event "WY Girls-U12"]
[Site "Porto Carras GRE"]
[Date "2010.10.26"]
[Round "7.2"]
[White "Vu Thi Dieu Ai"]
[Black "Osmak,Iulija"]
[Result "0-1"]
[WhiteElo "1801"]
[BlackElo "1979"]

1.c4 c6 2.g3 d5 3.cxd5 cxd5 4.d4 Nf6 5.Bg2 Nc6 6.Nf3 a6 7.O-O Bf5 8.Nc3 e6
9.Bf4 Bd6 10.e3 O-O 11.Nh4 Bg6 12.Nxg6 hxg6 13.a3 b5 14.b4 Bxf4 15.gxf4 Qd6
16.Qd3 Rac8 17.Rac1 Ne7 18.Rc2 Nf5 19.Rfc1 Rc4 20.Nb1 g5 21.Bh3 Nh4 22.fxg5 Nf3+
23.Kg2 Qxh2+ 24.Kxf3 Qxh3+ 25.Ke2 Qg4+ 26.Kf1 Qxg5 27.Nd2 Rxc2 28.Rxc2 Ng4
29.Nf3 Qf6 30.Qe2 g6 31.Ng1 Qf5 32.Ke1 Kg7 33.Kd1 Rh8 34.f3 Rh1 35.fxg4 Rxg1+
36.Kd2 Qe4 37.Kc3 Rg3 38.Kb2 Rxe3 39.Qd2 Qf3 40.Qh2 Rb3+  0-1

[Event "WY Boys-U18"]
[Site "Porto Carras GRE"]
[Date "2010.10.27"]
[Round "8.5"]
[White "Grandelius,N"]
[Black "Alonso Rosell,A"]
[Result "1-0"]
[WhiteElo "2500"]
[BlackElo "2485"]

1.c4 c6 2.Nf3 d5 3.g3 Nf6 4.Bg2 dxc4 5.O-O Nbd7 6.Qc2 Nb6 7.a4 a5 8.Na3 Qd5
9.Ne1 Qd6 10.Nxc4 Nxc4 11.Qxc4 e5 12.b3 Be6 13.Qc2 Qc5 14.Qb1 Qb6 15.Bb2 Rd8
16.Bxe5 Rxd2 17.Nd3 Bg4 18.h3 Bh5 19.g4 Bg6 20.Qc1 Rxe2 21.Bf3 Rxe5 22.Nxe5 Be7
23.Re1 Nd7 24.Bxc6 bxc6 25.Qxc6 Qd8 26.Rad1 O-O  1-0

[Event "20th World Seniors"]
[Site "Arco ITA"]
[Date "2010.10.29"]
[Round "4"]
[White "Suba,M"]
[Black "Filipenko,A"]
[Result "0-1"]
[WhiteElo "2464"]
[BlackElo "2327"]

1.c4 c6 2.e4 d5 3.cxd5 cxd5 4.exd5 Nf6 5.Nc3 Nxd5 6.Nf3 Nxc3 7.bxc3 Qc7 8.d4 Nd7
9.Qb3 e6 10.a4 b6 11.Bb5 Bd6 12.Ba3 O-O 13.O-O Bb7 14.Ng5 Bxa3 15.Rxa3 Nf6
16.Be2 Rac8 17.Bf3 Ba6 18.Rfa1 Qf4 19.Nh3 Qd6 20.a5 Bc4 21.Qb1 b5 22.a6 h6
23.Bb7 Rc7 24.f3 e5 25.dxe5 Qxe5 26.Qe1 Qc5+ 27.Qf2 Rd8 28.Qxc5 Rxc5 29.Re1 Kf8
30.Nf2 Be6 31.Ne4 Nxe4 32.Rxe4 Ke7 33.Kf2 Rd2+ 34.Re2 Rxe2+ 35.Kxe2 Kd6 36.Kd2 Bd5
37.Ra1 Rc7 38.Bxd5 Kxd5 39.Re1 Kd6 40.Kd3 Rc6 41.Ra1 Kc5 42.f4 Rd6+ 43.Kc2 Kc4
44.Re1 Re6 45.Rxe6 fxe6 46.g4 g5 47.fxg5 hxg5 48.Kd2 Kd5 49.Ke3 e5 50.Kd3 e4+
51.Kd2 Kc4 52.Ke2 Kxc3 53.h4 gxh4 54.g5 h3 55.g6 h2 56.g7 h1=Q 57.g8=Q Qf3+
58.Ke1 Qe3+ 59.Kf1 b4 60.Qc8+ Kd3 61.Qe6 Qc1+ 62.Kg2 Qc4 63.Qd7+ Qd4 64.Qa4 Kc4
65.Kg3 Qe3+ 66.Kh4 Qf4+ 67.Kh3 Qf5+ 68.Kg3 e3 69.Qa2+ b3 70.Qa4+ Kc3 71.Qa1+ Kc2
72.Qa4 Qe5+  0-1